| 000 | 00437nam a22001697a 4500 | ||
|---|---|---|---|
| 005 | 20180720154129.0 | ||
| 008 | 160514b xxu||||| |||| 00| 0 eng d | ||
| 020 | _a978-0-07007804-8 | ||
| 041 | _aeng | ||
| 082 |
_b2450 _a658.3 |
||
| 100 |
_aMcShane, Steven L.and others _94606 |
||
| 245 | _aOrganizational Behaviour | ||
| 260 |
_aNew Delhi _bMc Graw Hill Companies, _c2010 |
||
| 300 | _a671p, | ||
| 650 |
_aManagement _9241 |
||
| 942 | _cBK | ||
| 999 |
_c879 _d879 |
||